Programa d’integració esportiva adreçat a les persones amb discapacitats : anima’t, pots fer-ho anima’t, pots fer-ho
Descripción Física:
[2] p. ; 30 cm
MARC
| LEADER | 00000nam a2200000Ia 4500 | ||
|---|---|---|---|
| 001 | 24593 | ||
| 008 | 160829s9999 xx 000 0 cat d | ||
| 080 | |a FU-66-15 | ||
| 245 | |a Programa d’integració esportiva adreçat a les persones amb discapacitats : |b anima’t, pots fer-ho | ||
| 260 | |a Barcelona : |b Diputació de Barcelona. Servei d'Esports i Turisme, [1999] | ||
| 300 | |a [2] p. ; |c 30 cm | ||
| 650 | |a Esports per a discapacitats |x Barcelona (Província) |9 49590 | ||
| 710 | 2 | |a Barcelona (Catalunya : Província). |b Servei d'Esports i Turisme |9 54307 | |
| 901 | |a Arxiu | ||
| 942 | |n 1 | ||
| 952 | |0 0 |1 0 |4 0 |6 FU6615 |7 1 |9 55954 |a Arxiu |b Arxiu |d 2016-12-01 |l 0 |o FU-66-15 |p 24593 |r 2016-12-01 00:00:00 |w 2016-12-01 |y ARXIU | ||
| 999 | |c 59827 |d 59827 | ||